<?xml version="1.0" encoding="UTF-8"?><?xml-stylesheet type="text/xsl" href="static/style.xsl"?><OAI-PMH xmlns="http://www.openarchives.org/OAI/2.0/" xmlns:xsi="http://www.w3.org/2001/XMLSchema-instance" xsi:schemaLocation="http://www.openarchives.org/OAI/2.0/ http://www.openarchives.org/OAI/2.0/OAI-PMH.xsd"><responseDate>2026-06-29T03:12:51Z</responseDate><request verb="GetRecord" identifier="oai:docta.ucm.es:20.500.14352/10572" metadataPrefix="marc">https://docta.ucm.es/rest/oai/request</request><GetRecord><record><header><identifier>oai:docta.ucm.es:20.500.14352/10572</identifier><datestamp>2023-09-06T21:38:30Z</datestamp><setSpec>com_20.500.14352_1</setSpec><setSpec>col_20.500.14352_8</setSpec></header><metadata><record xmlns="http://www.loc.gov/MARC21/slim" xmlns:dcterms="http://purl.org/dc/terms/" xmlns:xsi="http://www.w3.org/2001/XMLSchema-instance" xmlns:doc="http://www.lyncode.com/xoai" xsi:schemaLocation="http://www.loc.gov/MARC21/slim http://www.loc.gov/standards/marcxml/schema/MARC21slim.xsd">
   <leader>00925njm 22002777a 4500</leader>
   <datafield ind2=" " ind1=" " tag="042">
      <subfield code="a">dc</subfield>
   </datafield>
   <datafield ind2=" " ind1=" " tag="720">
      <subfield code="a">Alonso González, Eduardo</subfield>
      <subfield code="e">author</subfield>
   </datafield>
   <datafield ind2=" " ind1=" " tag="260">
      <subfield code="c">2020-09</subfield>
   </datafield>
   <datafield ind2=" " ind1=" " tag="520">
      <subfield code="a">Las nanopartículas orgánicas permiten la vehiculización y vectorización de una gran cantidad de principios activos, incrementando de forma notable su semivida plasmática, su especificidad tisular y su bioseguridad. En este trabajo, y teniendo en cuenta la preocupación generada por la creciente resistencia a los antibióticos, se explicarán las características generales de las nanopartículas orgánicas, los tipos de nanopartículas orgánicas utilizadas actualmente, y se expondrán los avances más recientes registrados con cada una de ellas, en el campo de las infecciones bacterianas multirresistentes. Se estudiará la capacidad de los liposomas, nanopartículas poliméricas y micelas para vehiculizar y vectorizar antibióticos convencionales o sustancias antibióticas no convencionales a las zonas infectadas, y como ese proceso repercute en la supervivencia de las colonias bacterianas.</subfield>
   </datafield>
   <datafield ind1="8" ind2=" " tag="024">
      <subfield code="a">https://hdl.handle.net/20.500.14352/10572</subfield>
   </datafield>
   <datafield ind2="0" ind1="0" tag="245">
      <subfield code="a">Nuevas aproximaciones en Nanomedicina contra bacterias multirresistentes II</subfield>
   </datafield>
</record></metadata></record></GetRecord></OAI-PMH>